[Event "Belgrade ChessAmateur op 5th"]
[Site "Belgrade"]
[Date "2019.01.05"]
[Round "2"]
[White "Damjanovic, Vuk"]
[Black "Bajraktari, Besnik"]
[Result "1-0"]
[WhiteElo "2069"]
[BlackElo "1742"]
[PlyCount "37"]
[EventDate "2019.01.04"]
[EventType "swiss"]
[EventRounds "9"]
[EventCountry "SRB"]
[SourceTitle "CBM 188 Extra"]
[Source "ChessBase"]
[SourceDate "2019.02.26"]
[SourceVersion "1"]
[SourceVersionDate "2019.02.26"]
[SourceQuality "1"]

1. Nf3 Nf6 2. d4 d5 3. c4 e6 4. Nc3 Be7 5. Bg5 0-0 6. e3 b6 7. Be2 Nbd7 8. cxd5 exd5 9. 0-0 Bb7 10. Qc2 Rc8 11. Rfd1 h6 12. Bh4 Ne4 13. Bg3 Nxg3 14. hxg3 c6 15. Qf5 Nf6 16. Ne5 Qd6 17. Bd3 c5 18. Ng4 Qe6 19. Nxf6+ 1-0